| 000 | 00640nam a2200193Ia 4500 | ||
|---|---|---|---|
| 005 | 20250508154807.0 | ||
| 008 | 008 250505s9999 xx 000 0 eng d | ||
| 037 | _aTextual | ||
| 040 |
_aFEDL _beng _cFEDL |
||
| 041 |
_aeng _2eng |
||
| 084 |
_a421.5, ABE _qFEDL |
||
| 100 | _aAbercrombie David Ed. | ||
| 245 | 0 | _aIn honour of daniel Jones: Papers contributed on teh occasion of his eightieth birthday 12 September 1961 | |
| 260 |
_aLondon, UK _bLongmans, Green and Co. _c1964 |
||
| 300 | _axxi,474p | ||
| 700 |
_a MacCarthy P A D Ed. Trim J L M Ed. _9766093 |
||
| 942 |
_cTEXL _h421.5, ABE |
||
| 999 |
_c1352144 _d1352144 |
||